Statistiques concernant Les 20 meilleurs buteurs de ligue 1 - Saisons 2022-2023

Cliquez ici pour prendre le quiz!

Statistiques générales

  • Ce quiz a été pris 353 fois
    (191 depuis la dernière actualisation)
  • Le résultat moyen est 16 sur 20

Statistiques - réponses

JoueursClubNationalitéNbr de matchsNbr de buts% Correct
1Kylian MbappéPSGFrance3429
100%
2Alexandre LacazetteLyonFrance3527
99%
10Lionel MessiPSGArgentine3216
98%
3Jonathan DavidLilleCanada3724
97%
14Neymar JrPSGBrésil2013
97%
5Lois OpendaLensBelgique3821
96%
7Wissam Ben YedderMonacoFrance3219
94%
13Alexis SanchezMarseilleChili3514
90%
4Folarin BalogunReimsAngleterre3721
87%
16Breel EmboloMonacoSuisse3212
80%
8Elye WahiMontpellierFrance3319
80%
12Gaetan LabordeNiceFrance3715
80%
9Terem MoffiNiceNigeria3418
80%
11Amine GouiriRennesFrance3615
78%
6Habib DialloStrasbourgSénégal3720
77%
15Téji SavanierMontpellierFrance3012
75%
17Mama BaldéTroyesGuinée Bissau3412
59%
20Kévin GameiroStrasbourgFrance3410
57%
18Thijs DallingaToulousePays-bas3612
48%
19Jérémy Le DouaronBrestFrance3210
35%

Distribution des résultats

Percentile par nombre de réponses

% des personnes avec chaque résultat

Votre développement - résultats

Vous n’avez pas pris ce quiz depuis la dernière actualisation